Why people work : Changing incentives in a troubled world

Đã lưu trong:
书目详细资料
主要作者: Levenstein, Aaron
格式: 图书
语言:Undetermined
出版: New York Collier Books 1962
主题:
标签: 添加标签
没有标签, 成为第一个标记此记录!
Thư viện lưu trữ: Trung tâm Học liệu Trường Đại học Cần Thơ
LEADER 00525nam a2200193Ia 4500
001 CTU_81887
008 210402s9999 xx 000 0 und d
082 |a 331 
082 |b L657 
100 |a Levenstein, Aaron 
245 0 |a Why people work : 
245 0 |b Changing incentives in a troubled world 
245 0 |c Aaron Levenstein 
260 |a New York 
260 |b Collier Books 
260 |c 1962 
650 |a Industrial relations 
904 |i Trọng Hải 
980 |a Trung tâm Học liệu Trường Đại học Cần Thơ